|
|
|
|
| LEADER |
01258na a2200325 4500 |
| 001 |
000031329 |
| 003 |
5969 |
| 005 |
20230311092141.0 |
| 008 |
151001s2013 000 eng |
| 040 |
|
|
|a LNN
|
| 041 |
|
|
|a eng
|
| 082 |
|
|
|a 420.8
|b TR-P
|
| 100 |
|
|
|a Trần Thị Uyên Phương
|
| 245 |
|
0 |
|a Guessing the Meaning of Words From Contexts in Ielts Reading Test by the Second - Year Student's at the University of Foreign Studies - University of Danang /
|c Trần Thị Uyên Phương.
|
| 260 |
|
|
|c 2013.
|
| 300 |
|
|
|a 57tr. : mh ; 30cm.
|
| 650 |
|
|
|a Trần Thị Uyên Phương, 2013, Reading, Reading Ielts, Đại học Ngoại ngữ Đà Nẵng
|
| 852 |
|
|
|b P.Doc
|c Luận văn sinh viên
|
| OWN |
|
|
|a LNN
|
| AVA |
|
|
|a UDN50
|b LNN
|c English
|d 420.8 TR-P
|e available
|t Error 5001 Not defined in file expand_doc_bib_avail.
|f 1
|g 0
|h N
|i 0
|j AN
|k 1
|
| 999 |
|
|
|a From the UDN01
|
| AVA |
|
|
|a UDN50
|b LNN
|c English
|d 420.8 TR-P
|e available
|t Error 5001 Not defined in file expand_doc_bib_avail.
|f 1
|g 0
|h N
|i 0
|j AN
|k 1
|
| TYP |
|
|
|a Printed language
|
| 980 |
|
|
|a Mạng thư viện Đại học Đà Nẵng
|